Представление документа в формате RUSMARC

Поле Инд. ПП Название Значение
Тип записи a
Библиографический уровень a
001 Контрольный номер 9fc8a1b31f694f58927ed2b49f48b41d
005 Дата корректировки 20181120134552.4
100 a Данные общей обработки 20180924 ||| 0rusy0189 ca
101 0_ a Язык текста rus
102 a Страна публикации RU
200 1_ f Первые сведения об ответственности С.К. Загайнова
a Заглавие Концепция создания российской системы примирительных процедур: основные идеи
b Общее обозначение материала Текст
210 d Дата издания 2018
461 _0 1 2000
a Арбитражный и гражданский процесс
463 _0 1 2000
a №7
v С. 51-55
1 2101
d 2018
1 001b04c10cb67f54e9a9bf6723b0d871b99
606 a Основная рубрика Гражданское процессуальное право
610 0_ a Ключевые слова ГРАЖДАНСКИЙ ПРОЦЕСС
a Ключевые слова АДМИНИСТРАТИВНОЕ СУДОПРОИЗВОДСТВО
a Ключевые слова АРБИТРАЖНЫЙ ПРОЦЕСС
a Ключевые слова ПРИМИРЕНИЕ
a Ключевые слова МЕДИАЦИЯ
700 _1 a Фамилия Загайнова
b Имя С.К.
801 _0 a Страна RU
b Организация РГУП
c Дата составления 20180924
g Правила каталогизации PSBO
801 _1 a Страна RU
b Организация РГУП
c Дата составления 20180924
g Правила каталогизации PSBO
901 t Тип документа b
w Контрольный № источника b04c10cb67f54e9a9bf6723b0d871b99
905 a Дата ввода 20180924